Proceedings of the Collegiate Educational Conference [and seminars. (Record no. 86051)
[ view plain ]
| 000 -LEADER | |
|---|---|
| fixed length control field | 00995nam a2200241 4500 |
| 001 - CONTROL NUMBER | |
| control field | sa 68014788 |
| 003 - CONTROL NUMBER IDENTIFIER | |
| control field | DLC |
| 005 - DATE AND TIME OF LATEST TRANSACTION | |
| control field | 20260227112635.0 |
| 008 - FIXED-LENGTH DATA ELEMENTS--GENERAL INFORMATION | |
| fixed length control field | 700212s1965 ii 100 0 eng |
| 010 ## - LIBRARY OF CONGRESS CONTROL NUMBER | |
| LC control number | sa 68014788 |
| 025 ## - OVERSEAS ACQUISITION NUMBER | |
| Overseas acquisition number | PL480:I-E-10448 |
| 040 ## - CATALOGING SOURCE | |
| Original cataloging agency | DLC |
| Transcribing agency | DLC |
| Modifying agency | DLC |
| 050 00 - LIBRARY OF CONGRESS CALL NUMBER | |
| Classification number | LB2301 |
| Item number | .C557 1964 |
| 082 00 - DEWEY DECIMAL CLASSIFICATION NUMBER | |
| Classification number | 378.54 |
| 111 2# - MAIN ENTRY--MEETING NAME | |
| Meeting name or jurisdiction name as entry element | Collegiate Educational Conference, |
| Location of meeting | Hyderabad, India, |
| Date of meeting or treaty signing | 1964. |
| 245 00 - TITLE STATEMENT | |
| Title | Proceedings of the Collegiate Educational Conference [and seminars. |
| 260 ## - PUBLICATION, DISTRIBUTION, ETC. | |
| Place of publication, distribution, etc. | Hyderabad, |
| Date of publication, distribution, etc. | 1965] |
| 300 ## - PHYSICAL DESCRIPTION | |
| Extent | iv, iii, 252 p. |
| Dimensions | 24 cm. |
| 500 ## - GENERAL NOTE | |
| General note | "Organised by Confederation of Affiliated College Teachers' & Managements' Associations, Andhra Pradesh; seminars sponsored by New Science College, Hyderabad; 19th, 20th & 21st December, 1964 at R.B.V.R. Women's College, Hyderabad." |
| 650 #0 - SUBJECT ADDED ENTRY--TOPICAL TERM | |
| Topical term or geographic name entry element | Education, Higher |
| Geographic subdivision | India |
| General subdivision | Congresses. |
| 710 2# - ADDED ENTRY--CORPORATE NAME | |
| Corporate name or jurisdiction name as entry element | Confederation of Affiliated College Teachers' and Managements' Associations. |
| 710 2# - ADDED ENTRY--CORPORATE NAME | |
| Corporate name or jurisdiction name as entry element | New Science College. |
No items available.